|
|
|
|
| LEADER |
00909pam a22002298a 4500 |
| 001 |
00038396 |
| 005 |
20171026081025.0 |
| 008 |
170515s ||||||Viesd |
| 041 |
0 |
# |
|a Vie
|
| 082 |
1 |
4 |
|a 658.8
|b TH500TH
|
| 110 |
1 |
# |
|a Chương trình phát triển dự án Mê kông
|
| 245 |
1 |
0 |
|a Thu thập thông tin về quá trình và xu hướng mua hàng của khách hàng
|b Quản trị makerting trong các doanh nghiệp vừa và nhỏ
|
| 250 |
# |
# |
|a Tái bản lần thứ I
|
| 260 |
# |
# |
|a Tp.Hồ Chí Minh
|b Nxb Trẻ
|
| 300 |
# |
# |
|a 83 tr.
|c 27 cm
|
| 653 |
# |
# |
|a Thu nhập
|a Quá trình
|a Khách hàng
|a Xu hướng
|
| 852 |
# |
# |
|b Kho mượn
|j KM.0021763
|
| 852 |
# |
# |
|b Kho đọc
|j KD.0020715
|
| 852 |
# |
# |
|j KD.0020715
|j KM.0021763
|
| 910 |
|
|
|d 15/05/2017
|
| 980 |
# |
# |
|a Trung tâm Học liệu Lê Vũ Hùng, Trường Đại học Đồng Tháp
|